[Event "AUTO-OPEN-1186"]
[Site "http://www.queenalice.com/game.php?id=428881"]
[Date "2008.7.7"]
[Round "1"]
[White "JoseASeguro"]
[Black "Tiberius"]
[Result "0-1"]
[WhiteElo "1997"]
[BlackElo "1709"]

1. e4 c5 2. Nf3 Nc6 3. Bb5 g6 4. Bxc6 dxc6 5. d3 Bg7 6. h3 Nf6 7. Nc3 O-O 8. Be3
Qb6 9. Na4 Qa5+ 10. c3 c4 11. e5 Nd5 12. d4 Nxe3 13. fxe3 Bh6 14. e4 b6 15. b4
cxb3 16. axb3 c5 17. d5 b5 18. b4 cxb4 19. Nc5 Qb6 20. cxb4 a5 21. Qd4 a4 22. d6
Bf4 23. Rd1 exd6 24. exd6 Bg3+ 25. Ke2 Bb7 26. Nxb7 Qxb7 27. e5 a3 28. Rc1 Bxe5
29. Nxe5 Qxg2+ 30. Ke3 a2 31. Kd3 Ra3+ 32. Rc3 Rxc3+ 0-1

[Event "AUTO-OPEN-1186"]
[Site "http://www.queenalice.com/game.php?id=428882"]
[Date "2008.7.7"]
[Round "1"]
[White "Tiberius"]
[Black "JoseASeguro"]
[Result "1-0"]
[WhiteElo "1777"]
[BlackElo "1997"]

1. e4 c6 2. Nf3 d5 3. exd5 cxd5 4. Ne5 Nf6 5. d4 Nc6 6. Bb5 Bd7 7. Nxd7 Qxd7 8.
c3 e6 9. Nd2 Bd6 10. O-O O-O 11. Nf3 Ne4 12. Bd3 f5 13. Re1 Rac8 14. Qe2 a6 15.
Be3 f4 16. Bc1 e5 17. dxe5 Nxe5 18. Nxe5 Bxe5 19. Bxe4 dxe4 20. Qc2 Rfe8 21.
Rxe4 Bxc3 22. Qb3+ Kh8 23. Rxe8+ Rxe8 24. Bxf4 Bd4 25. h3 Re2 26. Rd1 Rxf2 27.
Be3 Rxb2 28. Rxd4 Qxd4 29. Bxd4 Rxb3 30. axb3 Kg8 31. Kf2 g6 32. Kf3 Kf7 33. Ke4
Ke6 34. b4 h6 35. g4 1-0

[Event "AUTO-OPEN-1186"]
[Site "http://www.queenalice.com/game.php?id=428899"]
[Date "2008.7.7"]
[Round "1"]
[White "Tiberius"]
[Black "lejunges"]
[Result "1-0"]
[WhiteElo "1834"]
[BlackElo "1514"]

1. d4 d5 2. c4 c6 3. Nc3 dxc4 4. e4 Nd7 5. Bxc4 e6 6. Nf3 Ngf6 7. O-O Bb4 8. e5
Nd5 9. Ne4 N7f6 10. exf6 gxf6 11. a3 Ba5 12. b4 Bc7 13. Re1 f5 14. Nc5 Nc3 15.
Qb3 Nd5 16. Bg5 Qd6 17. Rad1 Nf4 18. Bxf4 Qxf4 19. Bxe6 fxe6 20. Nxe6 Bxe6 21.
Qxe6+ Kf8 22. Qe7+ Kg8 23. Ne5 Rf8 24. Qxc7 Ra8 25. Qf7# 1-0

[Event "AUTO-OPEN-1186"]
[Site "http://www.queenalice.com/game.php?id=428900"]
[Date "2008.7.7"]
[Round "1"]
[White "lejunges"]
[Black "Tiberius"]
[Result "0-1"]
[WhiteElo "1514"]
[BlackElo "1840"]

1. e4 c5 2. Nf3 Nc6 3. d3 g6 4. Be2 Bg7 5. Nc3 Nf6 6. Ng5 O-O 7. Be3 d6 8. Nd5
e6 9. Nxf6+ Bxf6 10. Qd2 Nd4 11. O-O Nxe2+ 12. Qxe2 Bxg5 13. f4 Bf6 14. f5 exf5
15. exf5 Bxf5 16. Rae1 Re8 17. Qd2 Bxb2 18. Bg5 Bd4+ 19. Kh1 Qd7 20. Bh6 Rxe1
21. Qxe1 Re8 22. Qh4 Bg7 23. Rxf5 Qxf5 24. h3 Bxh6 25. g4 Qf1+ 26. Kh2 Re2+ 27.
Kg3 Bf4# 0-1

[Event "AUTO-OPEN-1186"]
[Site "http://www.queenalice.com/game.php?id=489501"]
[Date "2008.11.7"]
[Round "2"]
[White "ChessMonkey"]
[Black "Tiberius"]
[Result "0-1"]
[WhiteElo "1468"]
[BlackElo "1966"]

1. d4 Nf6 2. Nf3 g6 3. Nc3 d5 4. e3 Bg7 5. g3 O-O 6. Bg2 c5 7. dxc5 Nc6 8. O-O
e5 9. b3 Bg4 10. Bb2 e4 11. Qe2 exf3 0-1

[Event "AUTO-OPEN-1186"]
[Site "http://www.queenalice.com/game.php?id=489502"]
[Date "2008.11.7"]
[Round "2"]
[White "Tiberius"]
[Black "ChessMonkey"]
[Result "1-0"]
[WhiteElo "1966"]
[BlackElo "1468"]

1. e4 e5 2. Nf3 Nc6 3. Bb5 Nf6 4. O-O g6 5. c3 Bg7 6. Re1 d6 7. d4 exd4 8. cxd4
O-O 9. Nc3 Bg4 10. Be3 Qd7 11. d5 Ne8 12. dxc6 1-0

[Event "Challenge"]
[Site "http://www.queenalice.com/game.php?id=490874"]
[Date "2008.11.9"]
[Round "-"]
[White "ZUMBI"]
[Black "Tiberius"]
[Result "0-1"]
[WhiteElo "1824"]
[BlackElo "1950"]

1. e4 c5 2. Nf3 Nc6 3. d4 cxd4 4. Nxd4 g6 5. Nc3 Bg7 6. Be3 Nf6 7. Ncb5 Nxe4 8.
Bd3 Qa5+ 9. c3 Nxc3 10. Nxc3 Nxd4 11. O-O Nc6 12. Re1 O-O 13. Be4 d6 14. a4 Bxc3
15. bxc3 Qxc3 16. Rc1 Qa5 17. Bh6 Re8 18. Bd5 Bd7 19. Qf3 Nd8 20. Re4 Qxd5 21.
Rce1 Be6 22. h4 Rc8 23. h5 Qxh5 24. Qxh5 gxh5 25. f4 Rc5 26. Bg5 Kg7 27. Bh4 Nc6
28. Rb1 Bf5 29. Re3 Bxb1 30. Rg3+ Bg6 31. Kh2 Nd4 32. Ra3 Nf5 33. Bf2 Rc2 34.
Bxa7 Rec8 35. a5 R8c3 36. Ra4 Nh4 37. f5 Rxg2+ 38. Kh1 Rc1+ 39. Bg1 Rcxg1# 0-1

[Event "Challenge"]
[Site "http://www.queenalice.com/game.php?id=490875"]
[Date "2008.11.9"]
[Round "-"]
[White "Tiberius"]
[Black "ZUMBI"]
[Result "1-0"]
[WhiteElo "1908"]
[BlackElo "1828"]

1. d4 d5 2. c4 Nc6 3. Nc3 Nf6 4. cxd5 Nxd5 5. e4 Nxc3 6. bxc3 e5 7. d5 Na5 8.
Nf3 Bg4 9. Be2 Bc5 10. Qa4+ c6 11. O-O b6 12. dxc6 O-O 13. Rd1 Qe7 14. h3 Bh5
15. Rd7 Qe6 16. c7 Nc6 17. Rd2 h6 18. Ba3 Bxa3 19. Qxa3 a5 20. Rad1 Qc8 21. Qd6
Qe8 22. Bb5 Qd8 23. cxd8=N Raxd8 24. Qxc6 Rxd2 25. Rxd2 g5 26. Qxh6 Bxf3 27.
Qxg5+ Kh8 28. Qf6+ Kg8 29. Qxf3 a4 30. Rd6 a3 31. Rh6 Rd8 32. Qf6 Rd1+ 33. Kh2
Ra1 34. Qh8# 1-0

[Event "Challenge"]
[Site "http://www.queenalice.com/game.php?id=535832"]
[Date "2009.2.6"]
[Round "-"]
[White "bruno_borges"]
[Black "Tiberius"]
[Result "0-1"]
[WhiteElo "2036"]
[BlackElo "1966"]

1. e4 c5 2. Nf3 Nc6 3. Bb5 g6 4. c3 Bg7 5. O-O Nf6 6. d3 O-O 7. Be3 d6 8. Qd2
Bg4 9. Ne1 Qb6 10. Na3 Rfd8 11. Bh6 Bxh6 12. Qxh6 Be2 13. Nf3 Bxf1 14. Kxf1 Ne5
15. Ng5 a6 0-1

[Event "Challenge"]
[Site "http://www.queenalice.com/game.php?id=535833"]
[Date "2009.2.6"]
[Round "-"]
[White "Tiberius"]
[Black "bruno_borges"]
[Result "1-0"]
[WhiteElo "2008"]
[BlackElo "2061"]

1. e4 e5 2. Nf3 Nc6 3. Bb5 a6 4. Ba4 Nf6 5. O-O Nxe4 6. d4 b5 7. Bb3 d5 8. dxe5
Be6 9. Nbd2 Nc5 10. c3 Be7 11. Bc2 O-O 12. Nd4 Nxd4 13. cxd4 Nd7 14. f4 g6 15.
f5 gxf5 16. Bxf5 Bxf5 17. Rxf5 Kh8 18. Qh5 f6 19. e6 Nb6 20. Nb3 Qe8 21. Qf3 Rd8
22. Bh6 Rg8 23. Rxf6 Rg6 24. Rxg6 Qxg6 25. Bf4 Qxe6 26. Be5+ Kg8 27. Qg3+ Qg6
28. Qxg6+ hxg6 29. Bxc7 1-0

[Event "Let's Play Chess!"]
[Site "http://www.queenalice.com/game.php?id=540813"]
[Date "2009.2.15"]
[Round "-"]
[White "Tiberius"]
[Black "Granger2009"]
[Result "1-0"]
[WhiteElo "1988"]
[BlackElo "2032"]

1. d4 Nf6 2. c4 g6 3. Nc3 d5 4. Bf4 c6 5. e3 Bg7 6. Nf3 O-O 7. Rc1 Bg4 8. Qb3
Bxf3 9. Qxb7 Nbd7 10. gxf3 Nh5 11. Bc7 Qc8 12. Qxc6 dxc4 13. Bxc4 e5 14. Nd5 Re8
15. Ba6 Nb8 16. Bxc8 Nxc6 17. Bb7 Ne7 18. Bxa8 exd4 19. Nxe7+ Rxe7 20. Ba5 1-0

[Event "Let's Play Chess!"]
[Site "http://www.queenalice.com/game.php?id=540814"]
[Date "2009.2.17"]
[Round "-"]
[White "atalan"]
[Black "Tiberius"]
[Result "0-1"]
[WhiteElo "2138"]
[BlackElo "2005"]

1. e4 c5 2. d4 cxd4 3. c3 dxc3 4. Nxc3 Nc6 5. Nf3 g6 6. Bc4 Bg7 7. e5 Qa5 8. O-O
Nxe5 9. Nxe5 Bxe5 10. Nd5 e6 11. Re1 d6 12. Bd2 Qd8 13. Bc3 Bxc3 14. Nxc3 Nf6
15. Bb5+ Kf8 16. Qd4 Kg7 17. Rad1 d5 18. Re3 a6 19. Bf1 Bd7 20. Rf3 Qe7 21. Re1
Bc6 22. g4 g5 23. Qe5 h6 24. Ne2 d4 25. Nxd4 Bxf3 26. Nf5+ exf5 27. Qxe7 Rhe8
28. Qb4 Rxe1 29. Qxe1 Re8 30. Qc3 fxg4 31. Bg2 Bxg2 32. Kxg2 b5 33. a3 Re6 34.
Qd3 Ne4 0-1

[Event "Let's Play Chess!"]
[Site "http://www.queenalice.com/game.php?id=541445"]
[Date "2009.2.17"]
[Round "-"]
[White "BogusBogart"]
[Black "Tiberius"]
[Result "1-0"]
[WhiteElo "2134"]
[BlackElo "2024"]

1. d4 Nf6 2. Nf3 c5 3. c3 d5 4. Bf4 Bg4 5. Nbd2 e6 6. h3 Bh5 7. g4 Bg6 8. g5 Nh5
9. Bxb8 Rxb8 10. Qa4+ b5 11. Qxa7 c4 12. Ne5 1-0

[Event "Let's Play Chess!"]
[Site "http://www.queenalice.com/game.php?id=541446"]
[Date "2009.2.17"]
[Round "-"]
[White "Tiberius"]
[Black "BogusBogart"]
[Result "0-1"]
[WhiteElo "2012"]
[BlackElo "2143"]

1. d4 Nf6 2. c4 c5 3. d5 e5 4. Nc3 d6 5. e4 Be7 6. g3 Nbd7 7. Bg2 O-O 8. Nge2 a6
9. O-O Ne8 10. f4 exf4 11. Bxf4 f6 0-1

[Event "Let's Play Chess!"]
[Site "http://www.queenalice.com/game.php?id=541806"]
[Date "2009.2.17"]
[Round "-"]
[White "Tiberius"]
[Black "Carlos75"]
[Result "0-1"]
[WhiteElo "2021"]
[BlackElo "2603"]

1. e4 e5 2. Nf3 Nc6 3. Bb5 a6 4. Ba4 Nf6 5. O-O Be7 6. Re1 d6 7. c3 Bg4 8. d3
O-O 9. Nbd2 Nd7 10. h3 Bh5 11. g4 Bg6 12. Nf1 Nc5 13. Bc2 d5 14. exd5 Qxd5 15.
Ne3 Qd8 16. d4 exd4 17. cxd4 Ne4 18. Ng2 Nf6 19. Bxg6 hxg6 20. Bg5 Re8 21. a3
Nd5 22. Bxe7 Ncxe7 23. Qb3 Qd6 24. Re5 a5 25. Rae1 a4 26. Qc4 Red8 27. Ng5 Qc6
28. Qa2 Rf8 29. Nh4 Rad8 30. Nhf3 Nc8 31. Qb1 Qb5 32. R5e2 Nd6 33. Qc2 c6 0-1

[Event "Let's Play Chess!"]
[Site "http://www.queenalice.com/game.php?id=541807"]
[Date "2009.2.17"]
[Round "-"]
[White "Carlos75"]
[Black "Tiberius"]
[Result "1-0"]
[WhiteElo "2598"]
[BlackElo "2026"]

1. e4 c5 2. Nf3 Nc6 3. d4 cxd4 4. Nxd4 g6 5. Nc3 Bg7 6. Be3 Nf6 7. Be2 O-O 8.
Nb3 a5 9. a4 Nb4 10. f4 d5 11. e5 Ne4 12. Nb5 g5 13. fxg5 1-0

[Event "Challenge"]
[Site "http://www.queenalice.com/game.php?id=558034"]
[Date "2009.3.18"]
[Round "-"]
[White "Papachibe"]
[Black "Tiberius"]
[Result "0-1"]
[WhiteElo "2024"]
[BlackElo "2012"]

1. e4 c5 2. Nf3 Nc6 3. d4 cxd4 4. Nxd4 g6 5. Nc3 Bg7 6. Be3 Nf6 7. Bc4 Qa5 8.
Qd2 Nxe4 9. Nxc6 Qxc3 10. bxc3 Nxd2 11. Bxd2 dxc6 12. O-O Bf5 13. Bd3 Rd8 14.
Bxf5 Rxd2 15. Bd3 Bxc3 16. Rab1 b6 17. Rb3 Bf6 18. Rfb1 c5 19. Kf1 c4 20. Bxc4
Rxc2 21. Bb5+ Kf8 22. a4 Bd4 23. Rf3 Kg7 24. Rd1 e5 25. Bd3 Ra2 26. Bc4 Rxa4 27.
Rxf7+ Kh6 28. Bb5 Rb4 29. Ba6 Rb2 30. h4 g5 31. hxg5+ Kxg5 32. Rc1 h5 33. Bd3
Kh4 34. Be4 a5 35. g3+ Kh3 36. Kg1 Rxf2 37. Rxf2 Rf8 38. Rd1 Bxf2+ 39. Kh1 Kxg3
40. Rd3+ Kg4 41. Kg2 Bc5 42. Kh1 a4 43. Kg2 a3 44. Rg3+ Kf4 45. Bd5 e4 46. Bc4
e3 47. Rf3+ Ke4 48. Rxf8 Bxf8 0-1

[Event "Challenge"]
[Site "http://www.queenalice.com/game.php?id=564406"]
[Date "2009.3.31"]
[Round "-"]
[White "Tiberius"]
[Black "Canaye"]
[Result "1-0"]
[WhiteElo "2001"]
[BlackElo "1885"]

1. e4 e6 2. d4 d5 3. e5 c5 4. Nf3 Nc6 5. Bb5 Qb6 6. Nc3 cxd4 7. Nxd4 Bb4 8. O-O
Bxc3 9. bxc3 Ne7 10. Ba3 O-O 11. Bxc6 Nxc6 12. Bxf8 Kxf8 13. Qd3 Nxe5 14. Qxh7
Ng6 15. h4 e5 16. h5 exd4 17. hxg6 Qxg6 18. Qh8+ Ke7 19. Rfe1+ Kd6 20. cxd4 b6
21. Qd8+ Kc6 22. Qe8+ Kc7 23. Re7+ Kb8 24. Qd8 1-0

[Event "Let's Play Chess!"]
[Site "http://www.queenalice.com/game.php?id=567424"]
[Date "2009.4.7"]
[Round "-"]
[White "Tiberius"]
[Black "Pravitel"]
[Result "0-1"]
[WhiteElo "2016"]
[BlackElo "2134"]

1. d4 Nf6 2. c4 e6 3. Nc3 Bb4 4. f3 d5 5. a3 Bxc3+ 6. bxc3 O-O 7. Bg5 h6 8. Bh4
dxc4 9. e4 b5 10. Qc1 g5 11. Bg3 Nh7 12. h4 Kg7 13. hxg5 hxg5 14. f4 Bb7 15.
fxg5 Bxe4 16. g6 Bxg6 0-1

[Event "Let's Play Chess!"]
[Site "http://www.queenalice.com/game.php?id=567429"]
[Date "2009.4.7"]
[Round "-"]
[White "Pravitel"]
[Black "Tiberius"]
[Result "1-0"]
[WhiteElo "2125"]
[BlackElo "2028"]

1. d4 Nf6 2. c4 g6 3. Nc3 d5 4. cxd5 Nxd5 5. e4 Nxc3 6. bxc3 Bg7 7. Be3 c5 8.
Qd2 Qa5 9. Rb1 Nc6 10. Rb5 Qc7 11. Rxc5 b6 12. Rb5 Ba6 13. Rb1 Bxf1 14. Kxf1 Na5
15. Ne2 Nc4 16. Qd3 Nxe3+ 17. Qxe3 O-O 18. g3 1-0

[Event "Let's Play Chess!"]
[Site "http://www.queenalice.com/game.php?id=568293"]
[Date "2009.4.7"]
[Round "-"]
[White "Tiberius"]
[Black "Panter"]
[Result "0-1"]
[WhiteElo "2026"]
[BlackElo "2293"]

1. d4 f5 2. c4 Nf6 3. Nc3 e6 4. Nf3 Bb4 5. Qb3 a5 6. Bg5 O-O 7. e3 Qe8 8. Bf4 d6
9. Be2 Nc6 10. O-O Bxc3 11. bxc3 e5 12. Bg5 Ne4 13. Bh4 Kh8 14. Rab1 h6 15. Qc2
g5 16. Bg3 f4 17. Bd3 Nf6 18. exf4 exf4 19. Bxf4 gxf4 20. Nh4 Ne7 21. Rfe1 Qh5
22. Rxe7 Qxh4 23. Rxc7 Re8 24. Rf7 Kg8 25. Rc7 f3 26. g3 Qh3 27. Bf1 Qg4 28. Qc1
Qg6 29. Rb6 Nd7 30. Rb5 Nf8 31. Qd2 Re4 32. Bd3 Ne6 33. Re7 Kf8 34. Rxe6 Bxe6
35. h4 Kg8 36. Rxb7 Re8 37. Bxe4 Qxe4 38. Rb2 Bxc4 39. Qxh6 Qg4 40. Qc1 a4 41.
a3 Bb3 42. Rb1 Kh7 43. Qf1 Re2 44. Ra1 Bc2 45. Re1 Qe6 46. Rc1 Bd3 47. Qd1 Qf5
48. d5 Kg7 49. Qf1 Rc2 50. Qe1 Rxc1 51. Qxc1 Qh3 52. Qg5+ Bg6 0-1